000 01415nam a2200325 a 4500
001 000029291
003 DO-SdBNP
005 20230313143917.0
007 ta
008 110414t2010 dr a frcn 000 0dspa d
020 _a9789945002621
040 _aDO-SdBNP
_bspa
_cBNPHU
082 4 _aR 575.460216
_bP144x
_222
100 1 _aPaíno Perdomo, Omar,
_b1972-
_934212
245 1 0 _aXylon :
_bcatálogo sobre las colecciones de maderas de La Española = Catalogue of wood collections in La Española /
_cOmar Paíno Perdomo ; prefacio y traducción, Linda M. Rodríguez Guglielmoni.
246 1 1 _aXylon :
_bcatálogo sobre las colecciones de maderas de La Española
260 _aSanto Domingo :
_bL. Debus & Söhne,
_c2010.
300 _a134 p. :
_bilustraciones ;
_c24 cm.
500 _aIncluye datos biográficos del autor en las solapas de las cubiertas.
504 _aBibliografía : p. 133-134.
546 _aTexto en español e inglés
590 _aInventariado 2023 / MF
650 4 _aMadera
_zLa Española (Isla{Rpara}
_xCatálogos
_956176
650 4 _aÁrboles maderables
_zLa Española (Isla{Rpara}
_xCatálogos
_956177
650 4 _aMadera
_zRepública Dominicana
_xCatálogos
_956178
650 4 _aÁrboles maderables
_zRepública Dominicana
_xCatálogos
_956179
700 1 _aRodríguez Guglielmoni, Linda M.,
_etraducción
_925666
910 _aValidado. Control de calidad EMS
942 _2ddc
_cLBS1
999 _c28783
_d28783